000 00355 a2200169 4500
001 74105
020 _a
040 _cAnchieta - Colégio São Paulo
100 _aAmado, Jorge
240 1 0 _aA luz do túnel
_lpor
245 1 0 _aA luz do túnel
300 _a372
362 0 _a1983
440 1 _aRecord
650 4 _aFicção brasileira
942 _cBK
999 _c74105
_d74105